01357cam a22003617a 4500003000500000005001700005008004100022010001000063011001000073035001000083040000900093082001600102100002500118245005100143250000900194260003200203300001900235590004100254590004100295590004100336590004100377590004200418650001700460650002400477700003000501901000700531942001000538949007900548949007400627999001700701952014100718952013600859CHAP20220817041305.0971013s1948 r 00010 d a10519 a11491 a10729 cCHAP a634.975bD300aDallimore, W.93095912aA handbook of coniferae, including ginkgoaceae a3 ed aLondon :bArnold,c(c.1948) a686 p.b: ilus aBATCH-UPDb10c20130110lUCH01h0131 aBATCH-UPDb10c20130110lUCH01h1800 aBATCH-UPDb10c20130410lUCH01h1136 aBATCH-UPDb10c20130914lUCH01h1034 aCONVERSIONb10c20130109lUCH01h130714aConíferas.14aGinkgoaceae.9480840 aJackson, A. Bruce.960798 aBK cLIBRO a634.975 D3bBCcLIBROd33724000238234eLIBROfc.2h23886i10729sit157.50 a634.975 D3bBCcLIBROd33724000677654eLIBROh23885i10729sit157.50 c10519d10519 00102ddc4052708GRALaBCbBCcPP_GRALd2019-12-31fLIBROl0o634.975 D3p33724000238234r2019-12-31 00:00:00tc.2w2019-12-31yLIBRO 00102ddc4052708GRALaBCbBCcPP_GRALd2019-12-31fLIBROl0o634.975 D3p33724000677654r2019-12-31 00:00:00w2019-12-31yLIBRO